000 00483nam a2200181Ia 4500
001 9302
005 20260306161708.0
008 260306t2013||||xx |||||||||||||| ||spa||
041 _aESP
082 _a378.1
_bA133R
100 _aAgejas Esteban, José Ángel
_eAUT
245 0 _aLa ruta del encuentro:
_buna propuesta de formación integral en la universidad
260 _c2013
300 _a378 páginas :
_c23 cm.
650 _aGEN
654 _aCED
942 _cLIB
_dJUS
_fJUS
_2ddc
_n
999 _c9302
_d9302